000 00640nam a2200193 a 4500
005 20231013063654.0
008 050311s2004 000 eng d
020 _a9706548726
035 _aUPN01000138085
049 _aCG
050 4 _aHT169.57 M6
_bS2.3
100 1 _aSánchez Ruiz, Gerardo G.
245 1 0 _aGuía de investigación para niños interesados en problemas urbanos y en otras cuestiones /
_cGerardo G. Sánchez Ruiz.
260 _aMéxico :
_bUAM-Azcapotzalco :
_bMiguel Angel Porrua,
_c2004.
300 _a126 p.
650 4 _aUrbanismo
_zMéxico
_95572
650 4 _aInvestigación
_xMetodología
_95209
905 _aLibro
999 _c110236
_d110236